000 00637nam a2200193 a 4500
005 20210219153056.0
008 991125n 000 0 spa u
035 _aUPN01000076534
100 _aVELASCO ROMERO, Oscar F.
222 _aPEDAGOGIA : REVISTA DE LA UNIVERSIDAD PEDAGOGICA NACIONAL
245 _aLa enseñanza de la lengua extranjera como parte de la extensión universitaria de la Universidad Pedagógica Nacional
300 _a63-66
362 _a1989 Vol. 6, no. 18, abr.-jun.
653 0 _aENSEÑANZA DE IDIOMAS
653 0 _aEXTENSION UNIVERSITARIA
653 0 _aUPN
904 _aAC
_b014345
905 _aArticulo
999 _c67843
_d67843